Official cities of Luxembourg - Statistics

General Stats
  • This quiz has been taken 36 times
  • The average score is 7 of 12
Answer Stats
Population Year granted City % Correct
132.780 1843 Luxembourg
100%
36.625 1906 Esch-sur-Alzette
75%
7.295 1843 Diekirch
70%
21.953 1907 Dudelange
70%
16.968 1907 Differdange
60%
5.870 1843 Echternach
60%
8.174 1907 Ettelbruck
60%
5.723 1843 Wiltz
60%
2.203 1843 Vianden
55%
5.092 1843 Grevenmacher
45%
4.015 1843 Remich
45%
5.692 1907 Rumelange
20%
No matching quizzes found
Score Distribution
Percent of People with Each Score
Percentile by Number Answered
Your Score History
You have not taken this quiz